000 00632nam a2200229Ia 4500
003 OSt
005 20221006164353.0
006 a|||||r|||| 00| 0
007 ta
008 221006b |||||||| |||| 00| 0 hin d
024 _a3,713
037 _cTextual
040 _aFML
_cFML
_bhin
041 _2hin
_ahin
082 _aO152,IJ34:g(R), K1
100 _aSingh Udayabhanu Singh Au.
_9677281
245 0 _aTulsi Darshan Mimansa
260 _aLucknow
_bLucknow University
_c1954
300 _a464
_ccm.
942 _hO152,IJ34:g(R), K1
_cTEXL
_2CC
999 _c1117022
_d1117022